01464nab a22002057a 4500003000400000005001700004008004100021040000700062100003100069245010400100300001200204500003800216505060900254505013800863650002301001650002301024650002901047700003201076773015001108OSt20260127195212.0190514b xxu||||| |||| 00| 0 spa d cPJ aGiraudo Esquivo, Nicolás13aLa ganancialidad no significa titularidad /cNicolás Giraudo Esquivo, María Eugenia Jiménez.  ap. 5-20 aCita: TR LALEY AR/DOC/2145/2025.  aSumario: I. Introducción.— II. El caso.— III. La falta de legitimación.— IV. El régimen de comunidad. Un derecho en expectativa que no reconoce titularidad durante su vigencia.— V. Los "procesos urgentes" y "medidas cautelaresprovisionales". Una alternativa procesal viable para el caso.— VI. Las medidas provisionales. Precisiones conceptuales.— VII. Medidas provisionales relativas a los bienes en el divorcio y la nulidad del matrimonio en el Cód. Civ. y Com.— VIII. Las medidas cautelares-provisionales versus jurisdicción preventiva. Distintas posturas.— IX. Conclusiones.  tFallo comentado: CNCiv., sala D ~ 18/02/2025 ~ Chaves, María Cristina c. Muzlera, Mariana Lucía y otros s/ daños y perjuicios. 0aDERECHO DE FAMILIA 0aBIENES GANANCIALES 0aJURISPRUDENCIA APLICABLE aJiménez, María Eugenia 0 02844dBuenos Aires : AbeledoPerrot, 1989-tDerecho de familia. Revista Interdisciplinaria de doctrina y jurisprudencia. Octubre 2025-V.z18511201